000
00238nam a2200097Ia 4500
005
20251222114402.0
008
251222s1900||||xx |||||||||||||| ||spa||
082
_a
DVD0060/D33/1997/Ej.2
245
0
_a
Los 92 minutos del Sr. Baum:
942
_c
DVD
999
_c
1680
_d
1680